|
|
|
|
| LEADER |
00000nam0a2200000 4500 |
| 001 |
207214 |
| 005 |
20231101225401.0 |
| 010 |
|
|
|a 9785943878381
|
| 035 |
|
|
|a (RuTPU)RU\TPU\book\225998
|
| 090 |
|
|
|a 207214
|
| 100 |
|
|
|a 20120123d2011 km y0rusy50 ca
|
| 101 |
0 |
|
|a rus
|
| 102 |
|
|
|a RU
|
| 105 |
|
|
|a a z 001zy
|
| 200 |
1 |
|
|a Альтернативные источники энергии. Практические конструкции по использованию энергии ветра, солнца, воды, земли, биомассы
|f В. Германович, А. Турилин
|
| 210 |
|
|
|a СПб.
|c Наука и техника
|d 2011
|
| 215 |
|
|
|a 320 с.
|c ил.
|
| 320 |
|
|
|a Список ресурсов сети Интернет: с. 318.
|
| 330 |
|
|
|a Традиционные источники энергии, построенные на базе использования нефти и газа, не всегда доступны или нас не удовлетворяют. Кроме того, они иссекаемы. А ветер, Солнце, реки, океаны и моря обладают неисчерпаемыми запасами энергии. Доступна в неограниченных количествах и биомасса. Порой использование традиционных источников или дорого, или они расположены так далеко от загородного дома, что коммуникации проложить невозможно. В этих случаях стоит задача электроэнергию и тепло получить на месте его использования. Это совершенно реально, да и экономически выгодно. Книга рассказывает об использовании солнечного излучения, механической энергии ветра, течения рек, приливов и отливов морей и океанов, геотермальной энергии Земли, биомассы для получения электроэнергии и тепла. Книга предназначена для широкого круга домашних мастеров.
|
| 606 |
1 |
|
|a Источники энергии альтернативные
|x Использование
|2 stltpush
|3 (RuTPU)RU\TPU\subj\13295
|9 39927
|
| 610 |
1 |
|
|a энергия
|
| 610 |
1 |
|
|a ветряная энергетика
|
| 610 |
1 |
|
|a ветер
|
| 610 |
1 |
|
|a ветрогенератры
|
| 610 |
1 |
|
|a ветроэлектростанции
|
| 610 |
1 |
|
|a самостоятельное изготовление
|
| 610 |
1 |
|
|a электрооборудование
|
| 610 |
1 |
|
|a ветрогирлянды
|
| 610 |
1 |
|
|a походные ветроэлектростанции
|
| 610 |
1 |
|
|a самодельные ветроэлектростанции
|
| 610 |
1 |
|
|a солнечное теплоснабжение
|
| 610 |
1 |
|
|a солнечные коллекторы
|
| 610 |
1 |
|
|a самодельные гелиосистемы
|
| 610 |
1 |
|
|a солнечная энергетика
|
| 610 |
1 |
|
|a солнечные батареи
|
| 610 |
1 |
|
|a конструкции
|
| 610 |
1 |
|
|a реки
|
| 610 |
1 |
|
|a гидроэлектростанции
|
| 610 |
1 |
|
|a морские волны
|
| 610 |
1 |
|
|a океаны
|
| 610 |
1 |
|
|a океанские течения
|
| 610 |
1 |
|
|a приливы
|
| 610 |
1 |
|
|a геотермальная энергия
|
| 610 |
1 |
|
|a геотермальные энергетические установки
|
| 610 |
1 |
|
|a геотермальные тепловые насосы
|
| 610 |
1 |
|
|a биомасса
|
| 610 |
1 |
|
|a сжигание
|
| 610 |
1 |
|
|a сухая перегонка
|
| 610 |
1 |
|
|a газификация
|
| 610 |
1 |
|
|a сжижение
|
| 610 |
1 |
|
|a гидролиз
|
| 610 |
1 |
|
|a ферментация
|
| 610 |
1 |
|
|a анаэробное разложение
|
| 610 |
1 |
|
|a биодизельное топливо
|
| 610 |
1 |
|
|a биогазовые технологии
|
| 675 |
|
|
|a 620.92
|v 3
|
| 700 |
|
1 |
|a Германович
|b В.
|
| 701 |
|
1 |
|a Турилин
|b А.
|
| 801 |
|
1 |
|a RU
|b 63413507
|c 20120123
|
| 801 |
|
2 |
|a RU
|b 63413507
|c 20150602
|g RCR
|
| 942 |
|
|
|c BK
|
| 959 |
|
|
|a 2/20120123
|d 2
|e 288,20
|f ЧЗТЛ:1
|f АНЛ:1
|